Countries Closest to Mexico - Statistics

General Stats
  • This quiz has been taken 26 times
  • The average score is 16 of 20
Answer Stats
Distance (km) Distance (mi) Country % Correct
0 0 Guatemala
100%
0 0 United States
100%
0 0 Belize
95%
177 110 Honduras
95%
206 128 El Salvador
90%
471 293 Nicaragua
90%
195 121 Cuba
86%
749 466 Costa Rica
81%
945 587 Jamaica
81%
1,559 968 Dominican Republic
76%
1,315 817 Haiti
76%
1,090 677 Panama
76%
916 569 Bahamas
67%
846 526 Colombia / San Andres & Providencia
67%
1,080 671 France / Clipperton Island
67%
574 356 United Kingdom / Cayman Islands
67%
1,793 1,115 Venezuela
67%
1,808 1,124 Canada
62%
1.963 1.220 Netherlands / Aruba
62%
1,423 884 Ecuador / Galapagos Islands
52%
No matching quizzes found
Score Distribution
Percent of People with Each Score
Percentile by Number Answered
Your Score History
You have not taken this quiz